Normal view
MARC view
- علم اجتماع - مدارس
Entry Topical Term
001 - CONTROL NUMBER
- control field: 18799
003 - CONTROL NUMBER IDENTIFIER
- control field: JO-AjAnu
005 - DATE AND TIME OF LATEST TRANSACTION
- control field: 20230606073308.0
008 - FIXED-LENGTH DATA ELEMENTS
- fixed length control field: 230606|| aca||aabn | a|a d
040 ## - CATALOGING SOURCE
- Original cataloging agency: JO-AjAnu
- Transcribing agency: JO-AjAnu
150 ## - HEADING--TOPICAL TERM
- Topical term or geographic name entry element: علم اجتماع - مدارس
670 ## - SOURCE DATA FOUND
- Source citation: Work cat.: (JO-AjAnu)9648: تأليف: الخشاب، مصطفى, author 18798, علم الاجتماع ومدارسه : تاريخ التفكير الاجتماعي وتطوره، ج1